Missing Word: Rock Guitarists Quiz Stats

 Plays Quiz Updated Sep 27, 2016

Challenge
Share
Tweet
Embed
Score 0/25 Timer 05:00
1 Play Today
Hint Last Name % Correct
Jimi _______Hendrix
98.9%
Kurt ______Cobain
95%
Eric _______Clapton
90.3%
Joan ____Jett
89.6%
Keith ________Richards
89.5%
Carlos _______Santana
88.1%
Jimmy ____Page
82.7%
Jack _____White
81%
The ____Edge
74.3%
Jerry _____Garcia
74.3%
Jeff ____Beck
69.3%
Brian ___May
61.6%
Pete _________Townshend
61.3%
Hint Last Name % Correct
Mark ________Knopfler
52.4%
Bonnie ____Raitt
51.7%
David _______Gilmour
48.3%
Joe ________Strummer
42.9%
Dave ______Davies
31.2%
Billy _______Gibbons
30.7%
John __________Frusciante
27.3%
Alex _______Lifeson
24.6%
Josh _____Homme
21%
Thurston _____Moore
18.6%
Jonny _________Greenwood
15.1%
Dan ________Auerbach
12.1%

Today's Daily Dose

Missing Word
Entertainment 'M'

Word Ladder
North Carolina

On This Day
January 16th II

You're not logged in!

Compare scores with friends on all Sporcle quizzes.
OR
Log In

You Might Also Like...

Show Comments

Extras

Top Quizzes Today


Score Distribution

Your Account Isn't Verified!

In order to create a playlist on Sporcle, you need to verify the email address you used during registration. Go to your Sporcle Settings to finish the process.

Report this User

Report this user for behavior that violates our Community Guidelines.

Details: